| 000 | 00652nam a22002297a 4500 | ||
|---|---|---|---|
| 999 |
_c10692 _d10692 |
||
| 003 | AR-CdUCM | ||
| 008 | 190401b ||||| |||| 00| 0 spa d | ||
| 040 |
_aMUNICIPALIDAD PROVINCIAL DEL CUSCO _cBIBLIOTECA MUNICIPAL DEL CUSCO |
||
| 041 | _hrus | ||
| 082 |
_a891.32 / _bD93N / 1945 |
||
| 100 |
_aDostoievski, Fedor _910078 |
||
| 245 | _aNetochka / | ||
| 260 |
_aLa Plata : _bCalomino, _c1945. |
||
| 300 |
_a190 páginas ; _c18 cm. |
||
| 505 | _aContenido: Novela. | ||
| 650 |
_aLiteratura Rusa _910457 |
||
| 650 |
_aSiglo XX _98 |
||
| 650 |
_aNovela _95 |
||
| 700 |
_aMiranda, Lucio (traducción) _927674 |
||
| 942 |
_2ddc _cLIBROS |
||
| 945 | _aachl | ||